| 000 | 00000nas 2200000zi 4500 |
| 001 | 9.873300 |
| 003 | CaOODSP |
| 005 | 20240628110920 |
| 006 | m o d f |
| 007 | cr cn |||||||| |
| 008 | 190521c20199999oncar p o f0###b0fre|d |
| 022 | |a2562-6000 |
| 040 | |aCaOODSP|bfre|erda|cCaOODSP |
| 043 | |an-cn--- |
| 086 | 1 |aCP1-28F-PDF |
| 110 | 1 |aCanada.|bBureau du conseil privé.|bBureau de la collectivité des communications. |
| 222 | 0|aRapport annuel |b(Canada. Bureau du conseil privé. Bureau de la collectivité des communications) |
| 245 | 10|aRapport annuel du Bureau de la collectivité des communications. |
| 264 | 1|a[Ottawa] : |bGouvernement du Canada = Government of Canada, |c[2019]- |
| 264 | 4|bBureau du Conseil privé, |c©2019- |
| 310 | |aAnnuel |
| 336 | |atexte|btxt|2rdacontent/fre |
| 337 | |ainformatique|bc|2rdamedia/fre |
| 338 | |aressource en ligne|bcr|2rdacarrier/fre |
| 362 | 1 |aParaît depuis 2018/2019. |
| 500 | |aPublié aussi en anglais sous le titre : Communications Community Office annual report. |
| 692 | 07|2gccst|aCommunications |
| 775 | 08|tCommunications Community Office annual report. |w(CaOODSP)9.873297 |